000 00251nam a2200109Ia 4500
008 220204s9999 xx 000 0 und d
020 _a05425778
082 _a0582003
_bMAN
245 0 _aManorama yearbook 2003
260 _aKottayam
_c2003
942 _cBK
999 _c42100
_d42100